Sports Quiz

Random Sports or Baseball Quiz

MLB- Top 10 Career HR by # of Seasons Played Quiz Stats

 Plays Quiz not verified by Sporcle

Score 0/120 Timer 15:00
0 Plays Today
Seasons Player % Correct
20+Barry Bonds
100%
20+Babe Ruth
99.9%
14Bobby Bonds
99.9%
20+Hank Aaron
99.3%
20+Alex Rodriguez
99.3%
20+Willie Mays
97.6%
20+Ken Griffey Jr
96.5%
20+Jim Thome
96%
18Sammy Sosa
95.2%
19Ted Williams
94.2%
18Billy Williams
94.2%
17Matt Williams
94.1%
16Mark McGwire
93.6%
20+Frank Robinson
93.2%
19Manny Ramirez
92.9%
18Aramis Ramirez
92.7%
16Albert Pujols
92.7%
18Mickey Mantle
90.6%
19Frank Thomas
90.5%
17Lou Gehrig
90%
18Mike Schmidt
89.9%
20+Harmon Killebrew
88.8%
19Chipper Jones
88.4%
17Andruw Jones
88.4%
20+Rafael Palmeiro
87%
18Lee May
85.3%
19Ernie Banks
82.7%
15Jeff Bagwell
82.6%
17Juan Gonzalez
80.8%
13Adrian Gonzalez
80.8%
< 10Carlos Gonzalez
80.6%
19Fred McGriff
79.3%
16Frank Howard
77.7%
13Ryan Howard
77.7%
14Miguel Cabrera
77.3%
13Cecil Fielder
76.8%
12Prince Fielder
76.8%
19Adrian Beltre
76.5%
13Joe DiMaggio
76.3%
19Carlos Beltran
76.2%
Seasons Player % Correct
17Eddie Mathews
75.7%
17Jose Canseco
75.7%
16Mike Piazza
75.5%
17Carlos Delgado
74.7%
17Johnny Bench
73.7%
17Larry Walker
73.4%
< 10Chris Davis
73.3%
16Tino Martinez
72.3%
15Shawn Green
72.3%
14Adam Dunn
72.2%
12Albert Belle
71.8%
10Ralph Kiner
71.8%
16Joe Carter
68.7%
16Vladimir Guerrero
68.5%
12George Bell
68.3%
16Dave Kingman
67.8%
16Jim Rice
67.2%
19Andres Galarraga
67.1%
15Lance Berkman
66.5%
18Paul Konerko
65.3%
13Bob Johnson
65%
18Duke Snider
64.6%
18Dale Murphy
64.6%
13Jose Bautista
64.6%
19Yogi Berra
64.5%
14Mark Teixeira
63.8%
13Hank Greenberg
63.2%
10Ryan Braun
61.8%
15Derrek Lee
58.4%
14Carlos Lee
58.4%
15Greg Vaughn
56.8%
12Mo Vaughn
56.8%
17Jim Edmonds
56.7%
15Jay Buhner
55.6%
12Roger Maris
55%
16Alfonso Soriano
54.5%
12Robinson Cano
53.5%
12Edwin Encarnacion
53%
15Johnny Mize
52.7%
15Ron Santo
51.2%
Seasons Player % Correct
< 10Giancarlo Stanton
50.3%
12Nelson Cruz
48.7%
18Gil Hodges
46.5%
< 10Evan Longoria
46.5%
12Richie Sexson
46.1%
13Matt Holliday
45.2%
11Jason Bay
45.2%
13Troy Glaus
45.1%
< 10Josh Hamilton
45.1%
14Rocky Colavito
44.8%
14Tim Salmon
42.5%
15Dick Allen
42.2%
10Joey Votto
40.4%
14David Justice
39.6%
11Matt Kemp
39%
14Jermaine Dye
38%
10Roy Campanella
35.7%
< 10Jay Bruce
35.1%
15Greg Luzinski
34.2%
13Curtis Granderson
33.2%
< 10Justin Upton
31.3%
12Pat Burrell
29%
10Mark Reynolds
29%
10Dan Uggla
28.8%
11Rob Deer
23.7%
14Jeromy Burnitz
23.1%
10Bob Horner
22.5%
11Joe Gordon
22.3%
10Al Rosen
21.2%
< 10Tony Conigliaro
20.7%
< 10Richard Hidalgo
18.5%
11Tony Batista
17.2%
11Hal Trosky
16.9%
11Geoff Jenkins
16.9%
10Hunter Pence
14.1%
< 10Jim Gentile
13.8%
11Mike Napoli
12.9%
11Gus Zernial
11.2%
10Dick Stuart
8.9%
11Wally Berger
8.3%

You're not logged in!

Compare scores with friends on all Sporcle quizzes.
Join for Free
OR
Log In

You Might Also Like...

Show Comments

Extras

Top Quizzes Today


Score Distribution

Your Account Isn't Verified!

In order to create a playlist on Sporcle, you need to verify the email address you used during registration. Go to your Sporcle Settings to finish the process.

Report this User

Report this user for behavior that violates our Community Guidelines.

Details: